<?xml version="1.0" encoding="UTF-8"?><marc:collection xmlns:marc="http://www.loc.gov/MARC21/slim">
  <marc:record>
    <marc:leader>00843naaaa2200265 cb4500</marc:leader>
    <marc:controlfield tag="001">99376081479506441</marc:controlfield>
    <marc:controlfield tag="003">DE-605</marc:controlfield>
    <marc:controlfield tag="005">20250901162902.0</marc:controlfield>
    <marc:controlfield tag="008">151126s2015||||gw |||||s|||||||||||gerxc</marc:controlfield>
    <marc:datafield tag="035" ind1=" " ind2=" ">
      <marc:subfield code="a">(DE-605)HT031265998</marc:subfield>
    </marc:datafield>
    <marc:datafield tag="035" ind1=" " ind2=" ">
      <marc:subfield code="a">(DE-1116)HWG-000192537-49hbz_hsl</marc:subfield>
    </marc:datafield>
    <marc:datafield tag="035" ind1=" " ind2=" ">
      <marc:subfield code="a">000192537</marc:subfield>
    </marc:datafield>
    <marc:datafield tag="035" ind1=" " ind2=" ">
      <marc:subfield code="a">(DE-599)HBZHT031265998</marc:subfield>
    </marc:datafield>
    <marc:datafield tag="040" ind1=" " ind2=" ">
      <marc:subfield code="a">DE-1116</marc:subfield>
      <marc:subfield code="c">DE-1116</marc:subfield>
      <marc:subfield code="d">DE-1116</marc:subfield>
      <marc:subfield code="e">rakwb</marc:subfield>
    </marc:datafield>
    <marc:datafield tag="041" ind1="0" ind2=" ">
      <marc:subfield code="a">ger</marc:subfield>
    </marc:datafield>
    <marc:datafield tag="044" ind1=" " ind2=" ">
      <marc:subfield code="c">XA-DE</marc:subfield>
    </marc:datafield>
    <marc:datafield tag="049" ind1=" " ind2=" ">
      <marc:subfield code="a">DE-1116-DLR</marc:subfield>
    </marc:datafield>
    <marc:datafield tag="049" ind1=" " ind2=" ">
      <marc:subfield code="a">DE-1116</marc:subfield>
    </marc:datafield>
    <marc:datafield tag="245" ind1="0" ind2="0">
      <marc:subfield code="a">Polizeiliche Kriminalstatistik</marc:subfield>
      <marc:subfield code="n">62. 2014</marc:subfield>
    </marc:datafield>
    <marc:datafield tag="264" ind1=" " ind2="1">
      <marc:subfield code="c">2015</marc:subfield>
    </marc:datafield>
    <marc:datafield tag="300" ind1=" " ind2=" ">
      <marc:subfield code="a">Online-Ressource (345 S.)</marc:subfield>
    </marc:datafield>
    <marc:datafield tag="490" ind1="1" ind2=" ">
      <marc:subfield code="a">Polizeiliche Kriminalstatistik</marc:subfield>
      <marc:subfield code="v">62. 2014</marc:subfield>
    </marc:datafield>
    <marc:datafield tag="810" ind1="1" ind2=" ">
      <marc:subfield code="a">Deutschland / Bundeskriminalamt</marc:subfield>
      <marc:subfield code="t">Polizeiliche Kriminalstatistik</marc:subfield>
      <marc:subfield code="v">62. 2014</marc:subfield>
      <marc:subfield code="w">991001119369708976</marc:subfield>
    </marc:datafield>
    <marc:datafield tag="924" ind1="1" ind2=" ">
      <marc:subfield code="a">99376081479506441</marc:subfield>
      <marc:subfield code="b">DE-1116-DLR</marc:subfield>
      <marc:subfield code="c">NRW</marc:subfield>
      <marc:subfield code="d">d</marc:subfield>
    </marc:datafield>
    <marc:datafield tag="924" ind1="1" ind2=" ">
      <marc:subfield code="a">99376081479506441</marc:subfield>
      <marc:subfield code="b">DE-1116</marc:subfield>
      <marc:subfield code="c">NRW</marc:subfield>
      <marc:subfield code="d">d</marc:subfield>
    </marc:datafield>
  </marc:record>
</marc:collection>
